| 000 | 00747nam a2200217 a 4500 | ||
|---|---|---|---|
| 005 | 20210219153006.0 | ||
| 008 | 991125n 000 0 spa u | ||
| 035 | _aUPN01000071710 | ||
| 100 | 1 | _aVessuri, Hebe M. C. | |
| 222 | 0 | _aREVISTA IBEROAMERICANA DE EDUCACION | |
| 245 | 0 | 0 | _aDesafíos de la educación superior en relación con la formación y la investigación ante los procesos económicos actuales y los nuevos desarrollos tecnológicos |
| 300 | _a205-235 | ||
| 362 | 0 | _a1993 No. 2, may.-ago. | |
| 653 | 0 | _aAMERICA LATINA | |
| 653 | 0 | _aDESARROLLO CIENTIFICO Y TECNOLOGICO | |
| 653 | 0 | _aDESARROLLO ECONOMICO | |
| 653 | 0 | _aEDUCACION SUPERIOR | |
| 653 | 0 | _aINVESTIGACION CIENTIFICA | |
| 904 |
_aAC _b009521 |
||
| 905 | _aArticulo | ||
| 999 |
_c65680 _d65680 |
||